000 00810nam a2200265 i 4500
003 DO-SdBNP
005 20231215072627.0
006 a|||||r|||| 00| 0
007 ta
008 230413k19821999dr a|||gr|||| 00| fdspa d
020 _a156063457x
040 _aDO-SdBNP
_bspa
_cBNPHU
_erda
082 4 _222
_bR741a, 1999
100 1 _94541
_aRojas, Armando
_eautor
245 1 0 _aA su tiempo se maduran las uvas /
_cArmando Rojas
250 _a4ta ed. revisada y ampliada
_bcon 2da. parte
264 _aSanto Domingo :
_bImpresos y Publicidad,
_c1999
300 _a270 páginas :
_bIlustración, lámina ;
_c21 cm.
336 _2rdaconten
_atexto
_btxt
337 _2rdamedia
_asin medición
_bn
338 _2rdacarrier
_avolumen
_bnc
490 _a23+Uno
590 _aInventariado 2023 / MF
942 _2ddc
_cLBS1
999 _c53220
_d53220